El conde lucanor o libro de patronio /

Guardado en:
Autor Principal: Juan Manuel, Infante Don
Formato: Libro
Publicado: Argentina : Sopena, 1940
Materias:
Etiquetas: Agregar Etiqueta
Sin Etiquetas, Sea el primero en etiquetar este registro!
LEADER 00520nam a22001815a 4500
001 CEM.cems003521
005 19000101000000.0
008 130507s1940##################000#0#####d
003 CEMS
082 0 4 |a 863.1 
100 1 |a Juan Manuel, Infante Don 
245 1 0 |a El conde lucanor o libro de patronio / 
260 |a Argentina :  |b Sopena,  |c 1940 
300 |a 212 p. 
653 |a Cuentos españoles-siglo 14 
653 |a Literatura 
653 |a Literatura castellana 
859 |a CEMS  |b BIB. CEMS - 11 de abril  |h 863.1  |i J87-1  |p 8639.81  |t Ej.1